000 01362nam a2200265Ia 4500
003 OSt
005 20220930095053.0
006 a|||||r|||| 00| 0
007 ta
008 220926b |||||||| |||| 00| 0 hin d
024 _a71399
037 _cTheses
040 _aCRL
_cCRL
_bhin
041 _2hin
_ahin
100 _aवैभव, ले.
_9159534
110 _aदिल्ली विश्वविद्यालय. कला संकाय. राजनीतिक विज्ञान विभाग
245 0 _aभारतीय राष्ट्रीय रातनीतिक दलों के घोषणा पत्र में विकलांग वर्ग और कमजोर वर्ग के वर्गीकरण के अन्तर्बोध का अध्ययन
246 _aBhāratīya rāṣhṭrīya rātanītik daloan ke ghoṣhaṇā patra mean vikalāanga varga aur kamajor varga ke vargīkaraṇ ke antarbodh kā adhyayana
260 _c2020
300 _a248पृ0
_ap.
_ccm.
650 _aराजनीति विज्ञान
700 _aदिल्ली विश्वविद्यालय. कला संकाय. राजनीतिक विज्ञान विभाग
942 _cDIS
_2CC
999 _c888271
_d888271